[Event "RCCA-Jub05 corr"]
[Site "RCCA corr"]
[Date "1998.??.??"]
[Round "?"]
[White "Kazoks, Aivars E"]
[Black "Shishigin, Nikolai Petrovich"]
[Result "1-0"]
[WhiteElo "2415"]
[BlackElo "2395"]
[PlyCount "103"]
[EventDate "1998.04.24"]
[EventType "tourn (corr)"]
[EventRounds "10"]
[EventCountry "RUS"]
[SourceTitle "Corr 2008"]
[Source "ChessBase"]
[SourceDate "2008.06.24"]
[SourceVersion "1"]
[SourceVersionDate "2008.06.24"]
[SourceQuality "1"]

1. e4 c5 2. Nf3 Nc6 3. d4 cxd4 4. Nxd4 Nf6 5. Nc3 e5 6. Ndb5 d6 7. Bg5 a6 8. Na3 b5 9. Bxf6 gxf6 10. Nd5 Bg7 11. Bd3 Ne7 12. Nxe7 Qxe7 13. 0-0 0-0 14. c3 f5 15. Nc2 Qg5 16. f4 exf4 17. Qf3 Be5 18. exf5 Bxf5 19. Bxf5 Qxf5 20. Ne3 Qd3 21. Nd5 Qxf3 22. Rxf3 Rfb8 23. a3 a5 24. Kf2 Kg7 25. Rd1 Rb7 26. Ke2 f6 27. Rh3 Kg6 28. Rf1 Kg5 29. Rhf3 Rc8 30. Kd2 Rc4 31. b3 Rc5 32. Nxf4 Bxf4+ 33. Rxf4 Rd5+ 34. Kc2 f5 35. a4 Re7 36. R1f2 bxa4 37. Rxa4 h5 38. Rd2 Rxd2+ 39. Kxd2 Rb7 40. Kc2 Re7 41. Rd4 Re2+ 42. Rd2 Re6 43. b4 axb4 44. cxb4 h4 45. b5 Kf6 46. Kc3 Re3+ 47. Kd4 Re4+ 48. Kd5 Re5+ 49. Kc6 Rc5+ 50. Kb6 Ke6 51. Ka6 Kd7 52. b6 1-0

[Event "RCCA-Jub05 corr"]
[Site "RCCA corr"]
[Date "1998.??.??"]
[Round "?"]
[White "Peschardt, Soren"]
[Black "Shishigin, Nikolai Petrovich"]
[Result "1/2-1/2"]
[WhiteElo "2270"]
[BlackElo "2395"]
[PlyCount "39"]
[EventDate "1998.04.24"]
[EventType "tourn (corr)"]
[EventRounds "10"]
[EventCountry "RUS"]
[SourceTitle "Corr 2008"]
[Source "ChessBase"]
[SourceDate "2008.06.24"]
[SourceVersion "1"]
[SourceVersionDate "2008.06.24"]
[SourceQuality "1"]

1. e4 c5 2. Nf3 d6 3. c3 Nf6 4. Bd3 Nc6 5. h3 g6 6. 0-0 Bg7 7. Bc2 0-0 8. d4 cxd4 9. cxd4 Nb4 10. Nc3 Nxc2 11. Qxc2 Bd7 12. Be3 Qa5 13. Qd2 e5 14. Rfd1 Bc6 15. d5 Bd7 16. a3 Ne8 17. Bh6 Rc8 18. Bxg7 Nxg7 19. Rac1 Nh5 20. Ne2 1/2-1/2

[Event "RCCA-Jub05 corr"]
[Site "RCCA corr"]
[Date "1998.??.??"]
[Round "?"]
[White "Shishigin, Nikolai Petrovich"]
[Black "Karelin, Evgeny Petrovich"]
[Result "1-0"]
[WhiteElo "2395"]
[BlackElo "2170"]
[PlyCount "41"]
[EventDate "1998.04.24"]
[EventType "tourn (corr)"]
[EventRounds "10"]
[EventCountry "RUS"]
[SourceTitle "Corr 2008"]
[Source "ChessBase"]
[SourceDate "2008.06.24"]
[SourceVersion "1"]
[SourceVersionDate "2008.06.24"]
[SourceQuality "1"]

1. Nf3 g6 2. e4 Bg7 3. d4 Nf6 4. Nc3 d6 5. Bf4 Bg4 6. h3 Bxf3 7. Qxf3 Nfd7 8. 0-0-0 e5 9. dxe5 Nxe5 10. Qe3 Nbc6 11. Bh6 0-0 12. Bxg7 Kxg7 13. f4 Nd7 14. g4 Re8 15. h4 Qe7 16. h5 Nf6 17. hxg6 fxg6 18. g5 Nxe4 19. Nd5 Qd7 20. Bg2 Qe6 21. Bxe4 1-0